[Event "I Weekend A"]
[Site "Salerno ITA"]
[Date "2012.01.28"]
[Round "4"]
[White "Loi, Andrea"]
[Black "Cangiano, Federico"]
[WhiteElo "2005"]
[BlackElo "1963"]
[Result "1/2-1/2"]
[PlyCount "45"]
[EventDate "2012.01.27"]

1. d4 e6 2. c4 d5 3. Nc3 c6 4. Nf3 Nd7 5. Bf4 Ngf6 6. e3 Be7 7. Qc2 O-O 8. h3
b6 9. cxd5 exd5 10. Bd3 Re8 11. g4 Bb4 12. O-O-O Bxc3 13. Qxc3 Bb7 14. Kb1 c5
15. Qc2 cxd4 16. Nxd4 a6 17. Rc1 Nc5 18. Bf5 g6 19. Bd3 Nfe4 20. Bxe4 dxe4 21.
Bg3 Rc8 22. Qd2 Qf6 23. h4 1/2-1/2

[Event "I Weekend A"]
[Site "Salerno ITA"]
[Date "2012.01.28"]
[Round "4"]
[White "Martorelli, Antonio"]
[Black "Puglisi, Vincenzo"]
[WhiteElo "2230"]
[BlackElo "2034"]
[Result "1-0"]
[PlyCount "37"]
[EventDate "2012.01.27"]

1. e4 c5 2. Nf3 d6 3. d4 cxd4 4. Nxd4 Nf6 5. Nc3 g6 6. f4 a6 7. Bc4 Qc7 8. Bb3
Bg7 9. Nf3 Nbd7 10. Qe2 e5 11. g4 Nb6 12. f5 Nxg4 13. Ng5 Nh6 14. Rg1 gxf5 15.
exf5 Nxf5 16. Bxf7+ Kd8 17. Ne6+ Bxe6 18. Bxe6 Ne7 19. Rxg7 1-0

[Event "I Weekend A"]
[Site "Salerno ITA"]
[Date "2012.01.28"]
[Round "4"]
[White "Occhipinti, Giuseppe"]
[Black "Grasso, Nino"]
[WhiteElo "1971"]
[BlackElo "2009"]
[Result "1/2-1/2"]
[PlyCount "112"]
[EventDate "2012.01.27"]

1. e4 e5 2. Nf3 Nc6 3. Bb5 a6 4. Ba4 Nf6 5. O-O Be7 6. Re1 b5 7. Bb3 O-O 8. d4
Nxd4 9. Bxf7+ Rxf7 10. Nxe5 Nc6 11. Nxf7 Kxf7 12. e5 Ne8 13. Qd5+ Kf8 14. Re3
Bb7 15. Rf3+ Nf6 16. exf6 Bxf6 17. Rf5 Qe7 18. Bd2 Re8 19. Nc3 Na5 20. Qd3 Nc4
21. Nd5 Bxd5 22. Qxd5 c6 23. Qd3 Nxb2 24. Qf3 Nc4 25. Bc3 b4 26. Qd3 d5 27.
Bxf6 gxf6 28. h3 Nd6 29. Rh5 Ne4 30. Re1 Qc5 31. Rxe4 dxe4 32. Rxc5 exd3 33.
cxd3 Re1+ 34. Kh2 Ra1 35. Rc2 Ke7 36. Kg3 Kd6 37. Kf4 Rd1 38. Ke3 a5 39. Kd4
Ra1 40. g3 c5+ 41. Ke4 a4 42. d4 b3 43. dxc5+ Kc6 44. axb3 axb3 45. Rb2 Ra2 46.
Rxb3 Rxf2 47. Rf3 Rxf3 48. Kxf3 Kxc5 49. Kf4 Kd6 50. Kf5 Ke7 51. h4 Kf7 52. g4
Ke7 53. Kf4 Kf7 54. Ke4 Ke7 55. Kf5 Kf7 56. h5 Ke7 1/2-1/2

[Event "I Weekend A"]
[Site "Salerno ITA"]
[Date "2012.01.28"]
[Round "4"]
[White "Paduano, Gennaro"]
[Black "Maddaloni, Giovanni"]
[WhiteElo "1858"]
[BlackElo "1770"]
[Result "1-0"]
[PlyCount "45"]
[EventDate "2012.01.27"]

1. e4 c5 2. Nc3 Nc6 3. f4 g6 4. Nf3 Bg7 5. Bb5 d6 6. Bxc6+ bxc6 7. O-O Nf6 8.
d3 O-O 9. Qe1 e6 10. Rb1 a5 11. Na4 Nd7 12. Be3 Ba6 13. b3 f5 14. e5 Qe7 15.
Qf2 Rfd8 16. Rfe1 Bf8 17. exd6 Qxd6 18. Bd2 Bb7 19. Qh4 Be7 20. Ng5 Nf6 21. Nb6
Ra7 22. Bc3 c4 23. Nxc4 1-0

[Event "I Weekend A"]
[Site "Salerno ITA"]
[Date "2012.01.28"]
[Round "4"]
[White "Paolillo, Gaia"]
[Black "Vena, Alessio"]
[WhiteElo "1838"]
[BlackElo "1898"]
[Result "1-0"]
[PlyCount "117"]
[EventDate "2012.01.27"]

1. e4 d6 2. d4 Nf6 3. Nc3 e5 4. dxe5 dxe5 5. Qxd8+ Kxd8 6. Bc4 Ke8 7. Bg5 c6 8.
O-O-O Bc5 9. Bh4 b5 10. Bb3 Nbd7 11. f3 Be3+ 12. Kb1 Nc5 13. Nge2 a5 14. a4 b4
15. Na2 Nfd7 16. Nac1 Ba6 17. Rd6 Rc8 18. Rhd1 f6 19. Be6 Nxe6 20. Rxd7 Rd8 21.
Rxd8+ Nxd8 22. Nd3 Ke7 23. Nec1 Ne6 24. Nxe5 Rc8 25. Ng4 Bg5 26. Bxg5 Nxg5 27.
Nb3 Ne6 28. Nxa5 Nc5 29. b3 Kf7 30. Ne3 g6 31. Rd6 Ne6 32. Nxc6 Nf4 33. Nxb4
Be2 34. Nbd5 Nxd5 35. Nxd5 Bd1 36. Nxf6 Bxc2+ 37. Kb2 Ke7 38. e5 Bf5 39. Ka3
Rc2 40. Nd5+ Kf7 41. Ne3 Re2 42. Nxf5 gxf5 43. Rf6+ Ke7 44. Rxf5 Ke6 45. Rh5
Rxg2 46. a5 Rg1 47. Kb4 Rf1 48. a6 Rxf3 49. Rxh7 Kxe5 50. a7 Rf8 51. Ka5 Kd6
52. Ka6 Kc6 53. Rb7 Rf1 54. Rb6+ Kc7 55. Rc6+ Kd7 56. Kb7 Rb1 57. a8=Q Rxb3+
58. Rb6 Rxb6+ 59. Kxb6 1-0

[Event "I Weekend A"]
[Site "Salerno ITA"]
[Date "2012.01.28"]
[Round "4"]
[White "Pescatore, Lorenzo"]
[Black "Capozzi, Virgilio"]
[WhiteElo "2174"]
[BlackElo "1976"]
[Result "1/2-1/2"]
[PlyCount "134"]
[EventDate "2012.01.27"]

1. e4 e5 2. Nf3 Nc6 3. Bc4 Be7 4. d4 d6 5. h3 Nf6 6. Nc3 O-O 7. O-O exd4 8.
Nxd4 Bd7 9. Re1 Ne5 10. Bf1 c5 11. Ndb5 Bc6 12. a4 a6 13. Na3 Qc7 14. Nc4 Ng6
15. a5 Rfe8 16. Qf3 h6 17. Ne3 Nh4 18. Qg3 Ng6 19. Bc4 Ne5 20. Bd5 Bf8 21. Bxc6
bxc6 22. Nf5 Ng6 23. Qf3 Nd7 24. h4 Nge5 25. Qg3 Kh7 26. h5 Nf6 27. Qh4 Be7 28.
Nxe7 Qxe7 29. Bf4 Nfd7 30. Qg3 Rab8 31. b3 Nf6 32. Qh4 Nfd7 33. Qxe7 Rxe7 34.
Rad1 Re6 35. f3 Nf6 36. Bxe5 dxe5 37. g4 Rb4 38. Rd8 Rd4 39. Ra8 Rd2 40. Rc1 g6
41. hxg6+ Kxg6 42. Nd1 Kg5 43. Nf2 h5 44. gxh5 Nxh5 45. Rg8+ Kf4 46. Kg2 Rg6+
47. Rxg6 fxg6 48. c3 Ke3 49. Re1+ Re2 50. Rxe2+ Kxe2 51. Ng4 Nf4+ 52. Kg3 Nd3
53. b4 cxb4 54. cxb4 Kd2 55. Nf6 Kc3 56. Nd5+ cxd5 57. b5 dxe4 58. bxa6 e3 59.
a7 e2 60. a8=Q e1=Q+ 61. Kg4 Qg1+ 62. Kh4 Qh2+ 63. Kg5 Qh5+ 64. Kf6 Qf5+ 65.
Ke7 Qg5+ 66. Kf7 Qf5+ 67. Ke7 Qg5+ 1/2-1/2

[Event "I Weekend A"]
[Site "Salerno ITA"]
[Date "2012.01.28"]
[Round "4"]
[White "Rebeggiani, Andrea"]
[Black "Panariello, Francesco"]
[WhiteElo "1947"]
[BlackElo "1756"]
[Result "1-0"]
[PlyCount "79"]
[EventDate "2012.01.27"]

1. d4 Nf6 2. Bf4 g6 3. e3 Bg7 4. Be2 d6 5. Nd2 Nc6 6. Ngf3 O-O 7. h3 Nd7 8. c3
e5 9. Bg5 Qe8 10. d5 Ne7 11. e4 a5 12. g4 Nb6 13. c4 Na4 14. Bxe7 Nxb2 15. Qc2
Qxe7 16. Qxb2 f5 17. gxf5 gxf5 18. Bd3 fxe4 19. Bxe4 Bf5 20. Qc2 Bxe4 21. Qxe4
Rf4 22. Qe2 e4 23. Rb1 Rc8 24. Nh2 Bd4 25. Ng4 Qh4 26. Ne3 Rcf8 27. Rh2 Bc3 28.
Rd1 Rf3 29. Kf1 Qf4 30. Rg2+ Kh8 31. Kg1 h5 32. Nef1 Rxh3 33. Qxe4 Be5 34. Re1
Qf6 35. Qg6 Qxg6 36. Rxg6 Kh7 37. Rg2 Ra3 38. Re3 Rxa2 39. Nf3 Rxf3 40. Rxf3
1-0

[Event "I Weekend A"]
[Site "Salerno ITA"]
[Date "2012.01.28"]
[Round "4"]
[White "Somma, Andrea"]
[Black "Franzese, Luigi"]
[WhiteElo "1785"]
[BlackElo "1877"]
[Result "0-1"]
[PlyCount "94"]
[EventDate "2012.01.27"]

1. e4 e5 2. Nf3 d6 3. d3 Nf6 4. g3 Be7 5. Bg2 Nc6 6. c3 O-O 7. O-O Ne8 8. a4 a6
9. d4 Bg4 10. d5 Nb8 11. Qb3 Qc8 12. a5 Nd7 13. Qc2 f5 14. h3 fxe4 15. Nfd2 Bf3
16. Nxe4 Bxg2 17. Kxg2 h6 18. g4 Nef6 19. Ng3 Nxd5 20. Qb3 c6 21. Nf5 Rf7 22.
Bxh6 Rxf5 23. gxf5 gxh6 24. Kh2 Kh8 25. Rg1 Bg5 26. Qd1 Qe8 27. c4 Bf4+ 28. Kh1
Qh5 29. Qg4 Qxg4 30. Rxg4 N5f6 31. Rg1 Ne4 32. Kg2 Rg8+ 33. Kf1 Ndf6 34. Rxg8+
Kxg8 35. f3 Ng3+ 36. Kf2 Nxf5 37. Nc3 Kf7 38. Rd1 Ke6 39. b4 Ne3 40. Rg1 Nxc4
41. Rg7 Bd2 42. Ne4 Nxe4+ 43. fxe4 b6 44. axb6 Nxb6 45. Ra7 Bxb4 46. Rxa6 d5
47. Kf3 Bc5 0-1

[Event "I Weekend A"]
[Site "Salerno ITA"]
[Date "2012.01.28"]
[Round "4"]
[White "Spano' Cuomo, Gaetano"]
[Black "De Felice, Michele"]
[WhiteElo "1804"]
[BlackElo "1845"]
[Result "1/2-1/2"]
[PlyCount "99"]
[EventDate "2012.01.27"]

1. d4 d5 2. c4 c6 3. e3 Nf6 4. Nf3 e6 5. Nc3 Nbd7 6. Be2 Bd6 7. O-O O-O 8. Qc2
dxc4 9. Bxc4 b5 10. Bd3 Bb7 11. Ng5 h6 12. Nge4 Be7 13. Nxf6+ Nxf6 14. Ne4 Nxe4
15. Bxe4 Qc7 16. b3 Rac8 17. Bb2 c5 18. dxc5 Bxe4 19. Qxe4 Qxc5 20. Rac1 Qg5
21. f4 Qd5 22. Qxd5 exd5 23. Rfd1 Bc5 24. Bd4 Bxd4 25. exd4 f6 26. Rc5 Rxc5 27.
dxc5 Rc8 28. b4 Kf7 29. Kf2 d4 30. Rd3 Ke6 31. Ke2 Kd5 32. Rg3 g5 33. fxg5 hxg5
34. Kd3 a5 35. a3 axb4 36. axb4 Ra8 37. Rf3 Ke5 38. Rf2 Ra3+ 39. Ke2 Rb3 40. g4
Rxb4 41. Rf5+ Ke6 42. Kd3 Rc4 43. c6 Rxc6 44. Rxb5 Rd6 45. h4 gxh4 46. Rh5 Rd8
47. Rxh4 Kd5 48. Rh5+ Ke6 49. Rf5 Rg8 50. Rf4 1/2-1/2

[Event "I Weekend A"]
[Site "Salerno ITA"]
[Date "2012.01.28"]
[Round "4"]
[White "Stromboli, Ettore"]
[Black "Di Lascio, Savino"]
[WhiteElo "2302"]
[BlackElo "1992"]
[Result "1-0"]
[PlyCount "113"]
[EventDate "2012.01.27"]

1. e4 c6 2. d4 d5 3. Nc3 dxe4 4. Nxe4 Nf6 5. Ng3 h5 6. h4 e5 7. Nf3 exd4 8.
Nxd4 Bd6 9. Qe2+ Qe7 10. Ndf5 Qxe2+ 11. Bxe2 Bxg3 12. Nxg3 Bg4 13. Bc4 O-O 14.
f3 Re8+ 15. Kf2 Be6 16. Bxe6 Rxe6 17. Bg5 Nbd7 18. Rhe1 Rae8 19. Rxe6 Rxe6 20.
Rd1 g6 21. Ne2 Kf8 22. Nf4 Re5 23. Rd6 Kg7 24. Rd1 Nc5 25. Rd8 Nh7 26. Nh3 Nxg5
27. Nxg5 Re7 28. b4 Na6 29. a3 Nc7 30. c4 f5 31. Nh3 Na6 32. Rd6 Kf7 33. Kg3 c5
34. bxc5 Nxc5 35. Nf4 Re4 36. Nxg6 f4+ 37. Nxf4 Rxc4 38. Nd3 Nxd3 39. Rxd3 Ke6
40. Kh3 b5 41. g4 a5 42. gxh5 b4 43. axb4 axb4 44. Rd8 Kf6 45. Rb8 Kg7 46. Rb6
Kh7 47. Kg3 Rd4 48. f4 Rc4 49. Kg4 Rd4 50. Kg5 Rd1 51. Rb7+ Kg8 52. h6 Rg1+ 53.
Kh5 Rc1 54. f5 Rc4 55. f6 Rc8 56. Kg6 Kh8 57. Rh7+ 1-0

[Event "I Weekend A"]
[Site "Salerno ITA"]
[Date "2012.01.28"]
[Round "4"]
[White "Taurisano, Vincenzo"]
[Black "Mazzarone, Maurizio"]
[WhiteElo "1888"]
[BlackElo "1930"]
[Result "1-0"]
[PlyCount "49"]
[EventDate "2012.01.27"]

1. d4 Nf6 2. c4 c5 3. Nf3 g6 4. Nc3 cxd4 5. Nxd4 d6 6. e4 Bg7 7. f3 O-O 8. Be3
Nbd7 9. g4 Ne5 10. h4 a6 11. Qd2 Qc7 12. g5 Nfd7 13. Nd5 Qd8 14. O-O-O b5 15.
cxb5 axb5 16. Kb1 Nc4 17. Bxc4 bxc4 18. Nc6 Qe8 19. Ncxe7+ Kh8 20. Bd4 Ne5 21.
h5 Nxf3 22. Bxg7+ Kxg7 23. Qc3+ Ne5 24. hxg6 hxg6 25. Nf6 1-0

[Event "I Weekend A"]
[Site "Salerno ITA"]
[Date "2012.01.28"]
[Round "4"]
[White "Varvaglione, Antonio"]
[Black "Quattrone, Andrea"]
[WhiteElo "2008"]
[BlackElo "1790"]
[Result "1-0"]
[PlyCount "71"]
[EventDate "2012.01.27"]

1. e4 c6 2. d4 d5 3. exd5 cxd5 4. c4 dxc4 5. Bxc4 e6 6. Nf3 Nf6 7. O-O Be7 8.
Nc3 O-O 9. Re1 a6 10. Bb3 b5 11. Bc2 Bb7 12. Bg5 b4 13. Bxf6 Bxf6 14. Qd3 g6
15. Ne4 Bg7 16. h4 Nd7 17. h5 Nf6 18. Nxf6+ Qxf6 19. hxg6 fxg6 20. Bb3 Bd5 21.
Bxd5 exd5 22. Qb3 Qd6 23. Qe3 Rae8 24. Qxe8 Rxe8 25. Rxe8+ Kf7 26. Rae1 Bf6 27.
Rc8 Qf4 28. Ne5+ Kg7 29. Rc7+ Kh6 30. Rf7 Qd2 31. Re3 Bxe5 32. dxe5 d4 33. Rh3+
Kg5 34. Rg3+ Kh6 35. f4 g5 36. Rf6+ 1-0

[Event "I Weekend A"]
[Site "Salerno ITA"]
[Date "2012.01.29"]
[Round "5"]
[White "Cangiano, Federico"]
[Black "Cardone, Andrea"]
[WhiteElo "1963"]
[BlackElo "1875"]
[Result "0-1"]
[PlyCount "100"]
[EventDate "2012.01.27"]

1. d4 Nf6 2. Nf3 g6 3. Nbd2 d5 4. e3 Bg7 5. Bd3 c6 6. Ne5 Nbd7 7. f4 Nxe5 8.
fxe5 Bg4 9. Nf3 Ne4 10. O-O O-O 11. Qe1 Bxf3 12. gxf3 Ng5 13. Qg3 Ne6 14. c3 f5
15. exf6 exf6 16. e4 Qc7 17. Qg4 Qd7 18. a4 a6 19. Be3 Qe7 20. Rfe1 dxe4 21.
fxe4 Kh8 22. Qh3 Ng5 23. Bxg5 fxg5 24. e5 g4 25. Qxg4 Bh6 26. Qh3 Qg5+ 27. Qg2
Qh4 28. Re4 Rf4 29. Rxf4 Bxf4 30. Rf1 Rf8 31. Kh1 g5 32. Be2 Kg7 33. Rf3 g4 34.
Kg1 Qxh2+ 35. Qxh2 Bxh2+ 36. Kxh2 gxf3 37. Bf1 h6 38. Kg3 f2 39. Kg2 Kg6 40. b4
Rf4 41. b5 axb5 42. axb5 Kf5 43. bxc6 bxc6 44. Bd3+ Kg5 45. Ba6 h5 46. Kf1 Kg4
47. Bb7 c5 48. dxc5 Kg3 49. e6 Ra4 50. Ke2 Ra1 0-1

[Event "I Weekend A"]
[Site "Salerno ITA"]
[Date "2012.01.29"]
[Round "5"]
[White "Capozzi, Virgilio"]
[Black "Occhipinti, Giuseppe"]
[WhiteElo "1976"]
[BlackElo "1971"]
[Result "1-0"]
[PlyCount "75"]
[EventDate "2012.01.27"]

1. Nf3 d5 2. d4 Bf5 3. c4 e6 4. Nc3 Nc6 5. a3 Nf6 6. Bg5 Be7 7. e3 O-O 8. Bxf6
Bxf6 9. cxd5 exd5 10. Be2 Ne7 11. O-O c6 12. b4 Rc8 13. Qb3 Be6 14. Qa4 Qc7 15.
Rac1 Nf5 16. h3 a6 17. Qb3 Qd7 18. Na4 Bd8 19. Nc5 Qe7 20. a4 Nh4 21. Nxh4 Qxh4
22. Nxe6 fxe6 23. b5 axb5 24. axb5 Bc7 25. bxc6 Rxf2 26. Rxf2 Qg3 27. Rf3 Qh2+
28. Kf1 Rf8 29. Rxf8+ Kxf8 30. Bf3 bxc6 31. Rxc6 Bg3 32. Ke2 Qg1 33. Rxe6 Qe1+
34. Kd3 Qf1+ 35. Kc2 Qf2+ 36. Kb1 Qe1+ 37. Ka2 Qd2+ 38. Qb2 1-0

[Event "I Weekend A"]
[Site "Salerno ITA"]
[Date "2012.01.29"]
[Round "5"]
[White "Crafa, Carmine"]
[Black "Somma, Andrea"]
[WhiteElo "1777"]
[BlackElo "1785"]
[Result "1/2-1/2"]
[PlyCount "68"]
[EventDate "2012.01.27"]

1. e4 d5 2. exd5 Qxd5 3. Nc3 Qa5 4. d4 Nf6 5. Nf3 c6 6. Bc4 Bf5 7. Qe2 e6 8.
Bd2 Bb4 9. a3 Bxc3 10. Bxc3 Qc7 11. O-O-O Nbd7 12. Ne5 Nxe5 13. dxe5 Nd5 14.
Bd2 O-O-O 15. Be3 Qxe5 16. Bxa7 Qf4+ 17. Kb1 Qg5 18. Bxd5 exd5 19. Qd2 Qxd2 20.
Rxd2 Rhe8 21. Bb6 Rd7 22. Kc1 Rde7 23. Rhd1 h5 24. c4 Re4 25. b3 Be6 26. f3 Re5
27. Bd4 Rg5 28. Bb6 Kd7 29. Re1 Ra8 30. a4 Kd6 31. Kb2 c5 32. cxd5 Rxd5 33.
Rxd5+ Bxd5 34. Rc1 Rc8 1/2-1/2

[Event "I Weekend A"]
[Site "Salerno ITA"]
[Date "2012.01.29"]
[Round "5"]
[White "D'Orta, Antonio"]
[Black "Moscarino, Carlo"]
[WhiteElo "1920"]
[BlackElo "1784"]
[Result "1-0"]
[PlyCount "67"]
[EventDate "2012.01.27"]

1. e4 d6 2. Bc4 e6 3. Nc3 g6 4. d4 Bg7 5. f4 a6 6. Nf3 Ne7 7. Be3 Nd7 8. Qd2 b5
9. Bd3 Bb7 10. O-O h6 11. Rae1 c5 12. f5 cxd4 13. Nxd4 Be5 14. fxe6 Nf6 15.
exf7+ Kxf7 16. Nf3 Kg7 17. Nxe5 dxe5 18. Bxh6+ Rxh6 19. Rxf6 Qd4+ 20. Qf2 Nf5
21. Rb6 Bxe4 22. Qxd4 exd4 23. Nxe4 Ne3 24. Rb7+ Kf8 25. c3 Nf5 26. cxd4 Rd8
27. Ng5 Nxd4 28. Ree7 Re8 29. Rf7+ Kg8 30. Rg7+ Kh8 31. Rge7 Rxe7 32. Rxe7 Nf5
33. Bxf5 gxf5 34. Nf7+ 1-0

[Event "I Weekend A"]
[Site "Salerno ITA"]
[Date "2012.01.29"]
[Round "5"]
[White "Di Lascio, Savino"]
[Black "Paolillo, Gaia"]
[WhiteElo "1992"]
[BlackElo "1838"]
[Result "1-0"]
[PlyCount "73"]
[EventDate "2012.01.27"]

1. b4 d5 2. Bb2 Nf6 3. Nf3 Bg4 4. Ne5 Bh5 5. g3 e6 6. a3 Bd6 7. Bg2 c6 8. c4
Qc7 9. f4 Nbd7 10. d4 Bxe5 11. dxe5 Ng4 12. Bd4 Nh6 13. h3 Bg6 14. Nd2 Nf5 15.
Bf2 Ne7 16. Rc1 Nb6 17. c5 Nd7 18. Nb3 h5 19. a4 a6 20. g4 hxg4 21. hxg4 Rxh1+
22. Bxh1 Rc8 23. Rc3 Ng8 24. Nd4 Nh6 25. Bf3 Ke7 26. Bh4+ Ke8 27. Re3 a5 28.
Bg5 axb4 29. Bxh6 gxh6 30. f5 Nxe5 31. fxg6 Nxg6 32. Qd3 Ne5 33. Qh7 Nc4 34.
Qg8+ Ke7 35. Nf5+ Kd7 36. Qxf7+ Kd8 37. Qf8+ 1-0

[Event "I Weekend A"]
[Site "Salerno ITA"]
[Date "2012.01.29"]
[Round "5"]
[White "Esposito, Luca"]
[Black "Bianco, Raffaele"]
[WhiteElo "2224"]
[BlackElo "2068"]
[Result "1-0"]
[PlyCount "63"]
[EventDate "2012.01.27"]

1. d4 Nf6 2. c4 g6 3. g3 Bg7 4. Bg2 O-O 5. Nf3 d6 6. O-O Nc6 7. Nc3 e5 8. d5
Ne7 9. e4 c5 10. Ne1 a6 11. Nd3 Kh8 12. Rb1 Nh5 13. b4 cxb4 14. Rxb4 f5 15.
exf5 Nxf5 16. g4 Nh4 17. gxh5 Nxg2 18. Kxg2 Qh4 19. c5 Qh3+ 20. Kg1 dxc5 21.
Nxc5 Qxc3 22. Nd3 Bf5 23. Rb3 Qd4 24. h6 Bf6 25. Bb2 Qxd5 26. Nxe5 Qe4 27. Re1
Qf4 28. Qd6 Qg5+ 29. Rg3 Rad8 30. Nf7+ Kg8 31. Nxd8 Rxd8 32. Qxf6 1-0

[Event "I Weekend A"]
[Site "Salerno ITA"]
[Date "2012.01.29"]
[Round "5"]
[White "Franzese, Luigi"]
[Black "Buiano, Fabio"]
[WhiteElo "1877"]
[BlackElo "2033"]
[Result "0-1"]
[PlyCount "79"]
[EventDate "2012.01.27"]

1. e4 b6 2. d4 Bb7 3. Bd3 Nc6 4. c3 e5 5. Nf3 exd4 6. O-O dxc3 7. Nxc3 d6 8.
Bf4 Nf6 9. Re1 Be7 10. e5 dxe5 11. Nxe5 O-O 12. Qe2 Bd6 13. Rad1 Re8 14. Bb5
Rxe5 15. Bxe5 Nxe5 16. Qxe5 Bxe5 17. Rxd8+ Rxd8 18. Rxe5 Kf8 19. Re2 Rd4 20. f3
c5 21. Ba4 g6 22. Kf2 h5 23. Bb3 Ba6 24. Rc2 g5 25. Ba4 Bb7 26. Re2 g4 27. fxg4
hxg4 28. Kg3 Rd3+ 29. Kf2 g3+ 30. hxg3 Ng4+ 31. Kg1 Rxg3 32. Ne4 Rd3 33. Bc2
Rd4 34. Ng5 Rf4 35. Ne4 Ba6 36. Re1 Kg7 37. g3 Rf3 38. Kg2 Re3 39. Rc1 Re2+ 40.
Kf3 0-1

[Event "I Weekend A"]
[Site "Salerno ITA"]
[Date "2012.01.29"]
[Round "5"]
[White "Grasso, Nino"]
[Black "Taurisano, Vincenzo"]
[WhiteElo "2009"]
[BlackElo "1888"]
[Result "1-0"]
[PlyCount "65"]
[EventDate "2012.01.27"]

1. e4 c6 2. d4 d5 3. exd5 cxd5 4. c4 Nf6 5. Nc3 e6 6. Nf3 Nc6 7. cxd5 Nxd5 8.
Bd3 Be7 9. O-O O-O 10. Re1 b6 11. Nxd5 exd5 12. Qc2 Nb4 13. Bxh7+ Kh8 14. Qb1
g6 15. Bxg6 fxg6 16. Qxg6 Bf5 17. Qh5+ Kg8 18. Re5 Qd7 19. Bh6 Rf7 20. Rae1 Nd3
21. Rxe7 Rxe7 22. Rxe7 Qxe7 23. Qxf5 Qe4 24. Qg5+ Kf7 25. Qg7+ Ke8 26. Qf8+ Kd7
27. Qxa8 Ne1 28. Qb7+ Ke8 29. Qc8+ Ke7 30. Bf8+ Kf6 31. Qc6+ Kf5 32. Qd7+ Kg6
33. Qg7+ 1-0

[Event "I Weekend A"]
[Site "Salerno ITA"]
[Date "2012.01.29"]
[Round "5"]
[White "Lamagna, Mario"]
[Black "Lamberti, Valerio"]
[WhiteElo "1987"]
[BlackElo "1750"]
[Result "1-0"]
[PlyCount "59"]
[EventDate "2012.01.27"]

1. e4 e5 2. Nf3 Nc6 3. Bb5 a6 4. Ba4 Nf6 5. O-O Nxe4 6. d4 b5 7. Bb3 d5 8. dxe5
Be6 9. Nbd2 Nc5 10. c3 Be7 11. Bc2 d4 12. cxd4 Nxd4 13. Nxd4 Qxd4 14. Nf3 Qxd1
15. Rxd1 Bg4 16. Be3 O-O 17. h3 Bxf3 18. gxf3 Rad8 19. Rac1 Rxd1+ 20. Rxd1 g6
21. b4 Ne6 22. a3 Rd8 23. Rxd8+ Nxd8 24. f4 Kf8 25. f5 Ke8 26. Be4 Kd7 27. Kf1
Nc6 28. e6+ fxe6 29. fxe6+ Kd6 30. Bc5+ 1-0

[Event "I Weekend A"]
[Site "Salerno ITA"]
[Date "2012.01.29"]
[Round "5"]
[White "Lazic, Miroljub"]
[Black "Stromboli, Ettore"]
[WhiteElo "2470"]
[BlackElo "2302"]
[Result "0-1"]
[PlyCount "68"]
[EventDate "2012.01.27"]

1. g3 d5 2. Nf3 Bg4 3. Bg2 c6 4. d3 Nd7 5. Nbd2 e5 6. e4 Ngf6 7. h3 Bxf3 8.
Qxf3 Qc7 9. exd5 Nxd5 10. O-O Be7 11. Nc4 O-O 12. Bd2 Rae8 13. Rfe1 f5 14. h4
Bc5 15. Ne3 e4 16. dxe4 fxe4 17. Qe2 Kh8 18. Rf1 Qe5 19. c3 N7f6 20. Rae1 Re7
21. Kh1 Ref7 22. Bh3 Nh5 23. Nc4 Nxg3+ 24. fxg3 Qxg3 25. Qh2 Qxh4 26. Rxf7 Rxf7
27. Rf1 Rxf1+ 28. Bxf1 Qf6 29. Be2 h6 30. Qg3 b5 31. Ne3 Nf4 32. Bg4 Nd3 33.
Bf5 Bd6 34. Qg6 Qh4+ 0-1

[Event "I Weekend A"]
[Site "Salerno ITA"]
[Date "2012.01.29"]
[Round "5"]
[White "Lombardi, Luca"]
[Black "Gambardella, Piero"]
[WhiteElo "1620"]
[BlackElo "2002"]
[Result "1-0"]
[PlyCount "56"]
[EventDate "2012.01.27"]

1. e4 e6 2. f4 d5 3. exd5 exd5 4. Nf3 Ne7 5. d4 g6 6. Bd3 Bg7 7. O-O O-O 8. Nc3
c5 9. dxc5 Nbc6 10. Bd2 Bf5 11. a3 Bxd3 12. cxd3 Nf5 13. Qb3 d4 14. Ne4 Ne3 15.
Rfe1 Qe7 16. Kh1 b6 17. cxb6 Rab8 18. Bxe3 Rxb6 19. Qc4 dxe3 20. Rxe3 Bxb2 21.
Rae1 Qxa3 22. Neg5 Qb3 23. Qc5 Qb4 24. Qd5 Qxf4 25. Re8 Rxe8 26. Rxe8+ Kg7 27.
Qd7 Bf6 28. Nxf7 Rb1+ 1-0

[Event "I Weekend A"]
[Site "Salerno ITA"]
[Date "2012.01.29"]
[Round "5"]
[White "Maddaloni, Giovanni"]
[Black "Spano' Cuomo, Gaetano"]
[WhiteElo "1770"]
[BlackElo "1804"]
[Result "1-0"]
[PlyCount "31"]
[EventDate "2012.01.27"]

1. e4 e5 2. Nf3 Nc6 3. Bb5 a6 4. Ba4 Nf6 5. O-O Be7 6. d3 b5 7. Bb3 d6 8. h3
Be6 9. Nc3 Na5 10. Bxe6 fxe6 11. d4 exd4 12. Nxd4 Qd7 13. b3 O-O 14. Bb2 Nc6
15. Re1 Ne8 16. f3 1-0

[Event "I Weekend A"]
[Site "Salerno ITA"]
[Date "2012.01.29"]
[Round "5"]
[White "Mazzarone, Maurizio"]
[Black "Paduano, Gennaro"]
[WhiteElo "1930"]
[BlackElo "1858"]
[Result "0-1"]
[PlyCount "114"]
[EventDate "2012.01.27"]

1. d4 d6 2. Nf3 Nf6 3. h3 c5 4. c3 Nbd7 5. Bf4 g6 6. e3 Bg7 7. Be2 Qb6 8. Qb3
O-O 9. Nbd2 d5 10. O-O c4 11. Qc2 Nb8 12. Rfe1 Bf5 13. Qc1 Qa5 14. Bd1 Nc6 15.
Bc2 b5 16. a3 Qb6 17. e4 dxe4 18. Nxe4 Nd5 19. Bg3 a5 20. Ned2 Bxc2 21. Qxc2
Rfe8 22. Ne5 Nxe5 23. Bxe5 Rac8 24. Bxg7 Kxg7 25. Qe4 Qd6 26. Nf3 b4 27. axb4
axb4 28. Ra5 e6 29. Qc2 bxc3 30. bxc3 Qb6 31. Rea1 Qb3 32. Qxb3 cxb3 33. Rb5
Rb8 34. c4 b2 35. Rb1 Nc3 36. R1xb2 Nxb5 37. cxb5 Red8 38. Ne5 Rxd4 39. b6 Rb7
40. Kf1 f6 41. Nc6 Rd6 42. Na5 Rdxb6 43. Rc2 Rb1+ 44. Ke2 R7b2 45. Rxb2 Rxb2+
46. Kf3 h5 47. Nc4 Ra2 48. Ne3 f5 49. Nc4 Kf6 50. g3 e5 51. Kg2 e4 52. Kf1 g5
53. Kg2 f4 54. g4 hxg4 55. hxg4 e3 56. Kf1 Rxf2+ 57. Kg1 Rc2 0-1

[Event "I Weekend A"]
[Site "Salerno ITA"]
[Date "2012.01.29"]
[Round "5"]
[White "Messina, Enrico"]
[Black "Martorelli, Antonio"]
[WhiteElo "2139"]
[BlackElo "2230"]
[Result "1-0"]
[PlyCount "65"]
[EventDate "2012.01.27"]

1. e4 e5 2. Nf3 Nc6 3. d3 Nf6 4. Be2 d5 5. Nbd2 Bc5 6. O-O h6 7. c3 a5 8. b3
Ba7 9. Bb2 g5 10. exd5 Qxd5 11. d4 e4 12. Ne1 Qd6 13. Nc2 Bd7 14. Nc4 Qf4 15.
g3 Qf5 16. N2e3 Qh7 17. d5 Ne7 18. d6 Nc6 19. dxc7 O-O 20. Nd6 Bh3 21. c4 Ne8
22. Nd5 f6 23. c8=Q Rxc8 24. Nxc8 Bxc8 25. Bh5 Qd7 26. Bxe8 Qxe8 27. Nxf6+ Rxf6
28. Bxf6 e3 29. fxe3 Bxe3+ 30. Kh1 g4 31. Qd5+ Be6 32. Qe4 Bc5 33. Rae1 1-0

[Event "I Weekend A"]
[Site "Salerno ITA"]
[Date "2012.01.29"]
[Round "5"]
[White "Nadj Hedjesi, Balind"]
[Black "Chiusano, Raimondo"]
[WhiteElo "2386"]
[BlackElo "2124"]
[Result "1-0"]
[PlyCount "95"]
[EventDate "2012.01.27"]

1. e4 e6 2. d4 d5 3. Nd2 Nf6 4. e5 Nfd7 5. Bd3 c5 6. c3 Nc6 7. Ne2 cxd4 8. cxd4
f6 9. exf6 Qxf6 10. Nf3 h6 11. O-O Bd6 12. Bc2 O-O 13. Qd3 Rd8 14. a3 Nf8 15.
b4 Bd7 16. Bb2 Rac8 17. Rac1 Be8 18. Qe3 a6 19. Ne5 Bxe5 20. dxe5 Qe7 21. Bd4
Nxd4 22. Nxd4 Bg6 23. Bb3 Qd7 24. h4 Rxc1 25. Rxc1 Rc8 26. Rc3 Kf7 27. Qc1 Rxc3
28. Qxc3 Ke8 29. Qc5 Qe7 30. Qb6 Kf7 31. g3 Bd3 32. Bd1 Nd7 33. Qc7 Nf8 34. Qc8
Qd7 35. Qc3 Bg6 36. Bg4 Ke7 37. Qc5+ Kf7 38. f4 Be4 39. Kf2 Bg6 40. Bd1 Be4 41.
b5 axb5 42. Nxb5 Kg8 43. Nd6 Bd3 44. Ke3 Ba6 45. Kd4 Ng6 46. Qc8+ Qxc8 47. Nxc8
Kf8 48. Bg4 1-0

[Event "I Weekend A"]
[Site "Salerno ITA"]
[Date "2012.01.29"]
[Round "5"]
[White "Paladino, Giovanni"]
[Black "Pescatore, Lorenzo"]
[WhiteElo "1820"]
[BlackElo "2174"]
[Result "1/2-1/2"]
[PlyCount "62"]
[EventDate "2012.01.27"]

1. e4 c5 2. Nf3 Nc6 3. d4 cxd4 4. Nxd4 g6 5. Nc3 Bg7 6. Be3 Nf6 7. f3 O-O 8.
Qd2 d5 9. Nxc6 bxc6 10. e5 Nd7 11. f4 e6 12. Qf2 Qa5 13. Be2 Rb8 14. Bd2 Qc7
15. Rb1 f6 16. exf6 Nxf6 17. O-O e5 18. Qg3 e4 19. Be3 c5 20. Nb5 Rxb5 21. Bxb5
d4 22. Bc4+ Kh8 23. Bd2 e3 24. Be1 Nh5 25. Qg5 Rf5 26. Qg4 Rxf4 27. Qe2 Bg4 28.
Qd3 Bf5 29. Qe2 Bg4 30. Qd3 Bf5 31. Qe2 Bg4 1/2-1/2